000 00432nam a2200181Ia 4500
001 4380
005 20260306145751.0
008 260306t1999||||xx |||||||||||||| ||spa||
041 _aESP
082 _a320.985
_bR42
100 _aBardalez, Elsa (Ed.)
_eAUT
245 0 _aRepensando la política en el Perú
260 _c1999
300 _a380 páginas :
_c21 cm.
650 _aGEN
654 _aCDE
942 _cLIB
_dJUS
_fJUS
_2ddc
_n
999 _c4380
_d4380